000 00928nam a2200265 a 4500
001 000022245
005 20200930011640.0
008 100920s1975 ru a r 000 f spa d
040 _aDO-SdBNP
_bspa
_cBNPHU
041 1 7 _aspa
_hrus
_2Código de idioma MARC
082 _a891.794
_bS824q
100 1 _aStelmaj, Mijailo
_q(Mijail Afanas'evich Stel'Maj),
_945990
245 1 0 _aQue no se vierta la sangre /
_cMijailo Stelmaj ; traducción de Isabel Vicente ; presentación de S. Adamóvich ; prólogo de Yuri Lukín.
260 _aMoscu :
_bProgreso,
_c1975.
300 _a304 p. :
_bil. ;
_c21 cm.
490 1 _aOctubre
504 _aIncluye notas al pie de las páginas.
650 4 _aTeatro ruso
_945991
650 4 _aLiteratura rusa
_ySIGLO XX
_941289
700 1 _aVicente, Isabel,
_etr.
_945992
700 1 _aAdamóvich, S.,
_945993
700 1 _aLukín, Yuri,
_epról.
_945994
830 0 _aOctubre
_945995
049 _aBNGR
999 _c21743
_d21743